Métodos de genética ceralista /

Guardado en:
Autor Principal: Harrington, J. B.
Formato: Libro
Publicado: Roma : Fao, 1978
Materias:
Etiquetas: Agregar Etiqueta
Sin Etiquetas, Sea el primero en etiquetar este registro!
LEADER 00782nam a22002175a 4500
001 CEM.cems003161
008 130507s1978##################000#0#####d
005 20210826181446.0
003 CEMS
245 1 0 |a Métodos de genética ceralista /  |c John E. Harkness 
260 |a Roma :  |b Fao,  |c 1978 
300 |a 147 p. 
505 0 |a Objeto de la fitotecnia.-Base genética y citogenética de la fitotecnia. -Forma de reproducci¢n y su relaci¢n con los métodos de mejoramiento. -Métodos y técnicas de mejoramiento vegetal. 
100 1 |a Harrington, J. B. 
082 0 4 |a 581.15 
653 |a Agricultura 
653 |a Botanica 
653 |a Cereales-genetica 
653 |a Cereales-hibridacion 
653 |a Genetica cerealista 
859 |a CEMS  |b BIB. CEMS - Agricultura  |h 581.15  |i H237  |p A10925.82  |t Ej.1